What Drives U.S. Financial Sector Volatility? A Bayesian Model Averaging Perspective
Investigatíva hnacích síl štvrťročnej volatility cien akcií vo finančnom sektore USA v období od roku 1990 do roku 2017. Hnacie sily predstavujú súbor 28 ekonomických ukazovateľov, ktoré sa bežne používajú na zisťovanie finančnej nestability a kríz a súvisia s finančným, menovým, reálnym, obchodným...
Enregistré dans:
| Auteur principal: | |
|---|---|
| Autres auteurs: | , |
| Format: | Chapitre de livre |
| Langue: | anglais |
| Sujets: | |
| Tags: |
Pas de tags, Soyez le premier à ajouter un tag!
|
MARC
| LEADER | 00000naa$a2200000$$$4500 | ||
|---|---|---|---|
| 001 | 0258771 | ||
| 005 | 20240502083735.9 | ||
| 041 | 0 | |a eng | |
| 044 | |a CZ | ||
| 245 | 1 | 0 | |a What Drives U.S. Financial Sector Volatility? A Bayesian Model Averaging Perspective |c Štefan Lyócsa, Peter Gernát, Zuzana Košťálová |
| 500 | |a Abstrakt | ||
| 520 | |a Investigatíva hnacích síl štvrťročnej volatility cien akcií vo finančnom sektore USA v období od roku 1990 do roku 2017. Hnacie sily predstavujú súbor 28 ekonomických ukazovateľov, ktoré sa bežne používajú na zisťovanie finančnej nestability a kríz a súvisia s finančným, menovým, reálnym, obchodným a fiškálnym sektorom, dlhopisovými a akciovými trhmi. Rozmernosť a neistota pri výbere modelu sa riešia pomocou Bayesovského modelu priemerovania. | ||
| 610 | 2 | 0 | |a volatilita |
| 610 | 2 | 0 | |a sektor finančný |
| 610 | 2 | 0 | |a Amerika |
| 100 | 1 | |a Lyócsa, Štefan, 1982- | |
| 700 | 1 | |a Gernát, Peter | |
| 700 | 1 | |a Košťálová, Zuzana | |